Unemployment Compensation (UC) and the Unemployment Trust Fund (UTF) : Funding UC Benefits.

Summarizes how unemployment compensation benefits are funded through the Unemployment Trust Fund (UTF). Covers UTF and Federal budget, UTF revenues and distributions, Federal unemployment taxes credited to the Employment Security Administration account, other UTF expenditures, and loans to insolvent...

Full description

Bibliographic Details
Corporate Authors: Library of Congress. Congressional Research Service, ProQuest (Firm)
Format: eBook
Language:English
Published: [Place of publication not identified] : [publisher not identified], 2009.
Series:U.S. Congressional Research.
Subjects:
Online Access:Connect to the full text of this electronic book

MARC

Tag First Indicator Second Indicator Subfields
LEADER 00000cam a22000001a 4500
001 in00003412913
006 m d f
007 cr bn mmmapmmp
008 101221s2009 dcu o f000 0 eng d
005 20260429195432.1
035 |a cis2007868733 
040 |a ProQuest  |c ProQuest  |d UtOrBLW 
043 |a n-us--- 
099 |a CRS-2009-DSP-0067 
110 2 |a Library of Congress.  |b Congressional Research Service. 
245 1 0 |a Unemployment Compensation (UC) and the Unemployment Trust Fund (UTF) :  |b Funding UC Benefits. 
264 1 |a [Place of publication not identified] :  |b [publisher not identified],  |c 2009. 
300 |a 1 online resource. 
336 |a text  |b txt  |2 rdacontent 
337 |a computer  |b c  |2 rdamedia 
338 |a online resource  |b cr  |2 rdacarrier 
500 |a Record is based on bibliographic data in ProQuest U.S. Congressional Research Digital Collection (last viewed Dec. 2010). Reuse except for individual research requires license from ProQuest, LLC. 
500 |a CRS Report. 
520 |a Summarizes how unemployment compensation benefits are funded through the Unemployment Trust Fund (UTF). Covers UTF and Federal budget, UTF revenues and distributions, Federal unemployment taxes credited to the Employment Security Administration account, other UTF expenditures, and loans to insolvent accounts. 
500 |a Electronic resource. 
650 0 |a Budget  |z United States. 
650 0 |a Loans. 
650 0 |a Unemployment insurance. 
655 7 |a Electronic books.  |2 local 
710 2 |a ProQuest (Firm) 
776 0 8 |i Microfiche version:   |a Library of Congress. Congressional Research Service.  |t Unemployment Compensation (UC) and the Unemployment Trust Fund (UTF) 
830 0 |a U.S. Congressional Research. 
856 4 0 |u http://proxy.library.tamu.edu/login?url=https://congressional.proquest.com/congcomp/getdoc?CRDC-ID=CRS-2009-DSP-0067  |z Connect to the full text of this electronic book  |t 0 
999 |a MARS 
999 f f |s 77eb503c-a514-3743-aeb4-c951902b934a  |i 268abe51-b39f-3648-8ef4-4022faf67df4  |t 0 
952 f f |a Texas A&M University  |b College Station  |c Electronic Resources  |s www_evans  |d Available Online  |t 0  |e CRS-2009-DSP-0067  |h Other scheme 
998 f f |a CRS-2009-DSP-0067  |t 0  |l Available Online